The encyclopedia Americana / (Record no. 39234)
[ view plain ]
| 000 -LEADER | |
|---|---|
| fixed length control field | 01109nam a2200517 a 4500 |
| 005 - DATE AND TIME OF LATEST TRANSACTION | |
| control field | 20140311163002.0 |
| 008 - FIXED-LENGTH DATA ELEMENTS--GENERAL INFORMATION | |
| fixed length control field | 021105s19uu xx 00 eng d |
| 020 ## - INTERNATIONAL STANDARD BOOK NUMBER | |
| International Standard Book Number | 071720135X |
| 050 ## - LIBRARY OF CONGRESS CALL NUMBER | |
| Classification number | AE 5 |
| Item number | .En333 2002 |
| 245 ## - TITLE STATEMENT | |
| Title | The encyclopedia Americana / |
| 250 ## - EDITION STATEMENT | |
| Edition statement | International ed. |
| 260 ## - PUBLICATION, DISTRIBUTION, ETC. (IMPRINT) | |
| Place of publication, distribution, etc | Danbury, Connecticut : |
| Name of publisher, distributor, etc | Grolier, |
| Date of publication, distribution, etc | 2002. |
| 300 ## - PHYSICAL DESCRIPTION | |
| Extent | 897 p. : |
| Other physical details | col. ill. ; |
| Dimensions | 26 cm. |
| 650 ## - SUBJECT ADDED ENTRY--TOPICAL TERM | |
| Topical term or geographic name as entry element | Encyclopedia and dictionaries |
| 942 ## - ADDED ENTRY ELEMENTS (KOHA) | |
| Koha item type | Books |
| Source of classification or shelving scheme | Library of Congress Classification |
| Withdrawn status | Lost status | Source of classification or shelving scheme | Damaged status | Home library | Current library | Shelving location | Date acquired | Total Checkouts | Full call number | Barcode | Date last seen | Copy number | Price effective from | Koha item type | Materials specified (bound volume or other part) |
|---|---|---|---|---|---|---|---|---|---|---|---|---|---|---|---|
| Library of Congress Classification | College Library | College Library | Reference Section | 10/25/2013 | AE 5 .En333 2002 vol.6 | C0936 | 05/15/2018 | 1 | 11/14/2013 | Books | |||||
| Library of Congress Classification | College Library | College Library | Reference Section | 10/25/2013 | AE 5 .En333 2002 vol.25 | C0955 | 05/15/2018 | 1 | 11/14/2013 | Books | vol.25 |